000 00342nam a22001337a 4500
020 _a0273014927
040 _cnust
082 _a004
_bLOG'C
100 _aLogsdon, Tom
_958626
245 _aComputers & social controversy
260 _aUSA:
_bComputer Science Press,
_c1980.
650 _acomputers and civilization
_914116
942 _2ddc
_cBK
999 _c609019
_d609019